Statystyki dla Największe spółki Skarbu Państwa

Kliknij tutaj aby rozwiązać quiz!

Ogólne statystyki

  • Ten quiz został rozwiązany 22 razy
  • Średni wynik to 5 z 10

Statystyki odpowiedzi

Wartość
w 2021 r.
Odpowiedź% Poprawnych
17,9 mld złORLEN
94%
28,3 mld złPGNiG
59%
10,1 mld złPGE
53%
25 mld złPKO BP
53%
18,5 mld złPZU
53%
3,6 mld złTauron
53%
26 mld złKGHM
47%
5,6 mld złLotos
47%
12,8 mld złBank Pekao
41%
2,4 mld złJSW
18%

Rozkład punktacji

Percentyl według liczby udzielonych odpowiedzi

Procent ludzi z każdym wynikiem

Twoja historia wyników

Nie rozwiązałeś tego quizu